| 000 | 00490nam a22001937a 4500 | ||
|---|---|---|---|
| 003 | MPLRDC | ||
| 005 | 20220104144026.0 | ||
| 008 | 210129b ||||| |||| 00| 0 eng d | ||
| 020 | _a957-700-735-X | ||
| 082 | _a019.2 MZZL | ||
| 100 | _a梅泽庄亮 | ||
| 245 |
_a记事本活用术 _c吴倩译 |
||
| 250 | _a一版一刷 | ||
| 260 |
_a _b汉宇出版有限公司 _c1998 |
||
| 300 | _b平 | ||
| 490 | _a优质生活NO. 4 | ||
| 650 | _a读书法--笔记法 | ||
| 942 |
_cBK _o019.2 MZZL |
||
| 999 |
_c45659 _d45649 |
||